<?xml version="1.0" encoding="UTF-8"?>
<record
    xmlns:xsi="http://www.w3.org/2001/XMLSchema-instance"
    xsi:schemaLocation="http://www.loc.gov/MARC21/slim http://www.loc.gov/standards/marcxml/schema/MARC21slim.xsd"
    xmlns="http://www.loc.gov/MARC21/slim">

  <leader>00862cam a2200241 a 4500</leader>
  <controlfield tag="001">000006540</controlfield>
  <controlfield tag="005">20200929153940.0</controlfield>
  <controlfield tag="008">780515s1970    cr            001 0 spa  </controlfield>
  <datafield tag="040" ind1=" " ind2=" ">
    <subfield code="a">DO-SdBNP</subfield>
    <subfield code="b">spa</subfield>
    <subfield code="c">BNPHU</subfield>
  </datafield>
  <datafield tag="082" ind1=" " ind2=" ">
    <subfield code="a">929.9</subfield>
    <subfield code="b">F395b</subfield>
  </datafield>
  <datafield tag="100" ind1="1" ind2=" ">
    <subfield code="a">Ferro, Carlos A.</subfield>
    <subfield code="9">16768</subfield>
  </datafield>
  <datafield tag="245" ind1="1" ind2="4">
    <subfield code="a">Las banderas centroamericanas :</subfield>
    <subfield code="b">su inspiraci&#xF3;n en el pabell&#xF3;n argentino /</subfield>
    <subfield code="c">Carlos A. Ferro ; pr&#xF3;logo Jorge Fidel Dur&#xF3;n.</subfield>
  </datafield>
  <datafield tag="260" ind1=" " ind2=" ">
    <subfield code="a">San Jos&#xE9;, Costa Rica :</subfield>
    <subfield code="b">Centroamericana,</subfield>
    <subfield code="c">1970.</subfield>
  </datafield>
  <datafield tag="300" ind1=" " ind2=" ">
    <subfield code="a">186 p. ;</subfield>
    <subfield code="c">20 cm.</subfield>
  </datafield>
  <datafield tag="490" ind1="1" ind2=" ">
    <subfield code="a">Temas</subfield>
  </datafield>
  <datafield tag="650" ind1=" " ind2="4">
    <subfield code="a">Her&#xE1;ldica</subfield>
    <subfield code="9">2728</subfield>
  </datafield>
  <datafield tag="650" ind1=" " ind2="4">
    <subfield code="a">Banderas</subfield>
    <subfield code="x">Historia</subfield>
    <subfield code="z">Guatemala</subfield>
    <subfield code="9">18160</subfield>
  </datafield>
  <datafield tag="650" ind1=" " ind2="4">
    <subfield code="a">Banderas</subfield>
    <subfield code="z">Costa Rica</subfield>
    <subfield code="9">18161</subfield>
  </datafield>
  <datafield tag="650" ind1=" " ind2="4">
    <subfield code="a">Banderas</subfield>
    <subfield code="x">Historia</subfield>
    <subfield code="z">Honduras</subfield>
    <subfield code="9">18162</subfield>
  </datafield>
  <datafield tag="650" ind1=" " ind2="4">
    <subfield code="a">Emblema nacional</subfield>
    <subfield code="z">Am&#xE9;rica Latina</subfield>
    <subfield code="x">Historia</subfield>
    <subfield code="x">Fuentes</subfield>
    <subfield code="9">18163</subfield>
  </datafield>
  <datafield tag="700" ind1="1" ind2=" ">
    <subfield code="a">Dur&#xF3;n, Jorge Fidel,</subfield>
    <subfield code="e">pr&#xF3;l.</subfield>
    <subfield code="9">18164</subfield>
  </datafield>
  <datafield tag="830" ind1=" " ind2="0">
    <subfield code="a">Temas</subfield>
    <subfield code="9">9064</subfield>
  </datafield>
  <datafield tag="952" ind1=" " ind2=" ">
    <subfield code="0">0</subfield>
    <subfield code="1">0</subfield>
    <subfield code="5">0</subfield>
    <subfield code="7">1</subfield>
    <subfield code="8">MO</subfield>
    <subfield code="a">GR</subfield>
    <subfield code="b">GR</subfield>
    <subfield code="c">HD</subfield>
    <subfield code="d">2009-08-31</subfield>
    <subfield code="i">LF1</subfield>
    <subfield code="l">0</subfield>
    <subfield code="o">929.9 F395b</subfield>
    <subfield code="p">6540-10</subfield>
    <subfield code="r">2020-06-25</subfield>
    <subfield code="w">2020-06-25</subfield>
    <subfield code="y">1</subfield>
    <subfield code="Z">No se presta</subfield>
  </datafield>
  <datafield tag="999" ind1=" " ind2=" ">
    <subfield code="c">6331</subfield>
    <subfield code="d">6331</subfield>
  </datafield>
</record>
